000 00258nam a22000977a 4500
008 160507b xxu||||| |||| 00| 0 eng d
041 _aeng
080 _a573
245 _aBiological science an inquiry into lif:
_cHarcourt Brace Jovanovich INC;
942 _2udc
_cBK
999 _c1916
_d1916